000 00700nam a2200241Ia 4500
003 OSt
005 20220927105216.0
006 a|||||r|||| 00| 0
007 ta
008 220926b |||||||| |||| 00| 0 eng d
024 _a188145
037 _cReference Collections
040 _aRTL
_cRTL
_beng
041 _2eng
_aeng
082 _a"X:3M24xM18:g, L8.1/SC"
100 _aHobsbawm Eric J
_9370971
245 0 _aHistory of Marxisim.
260 _aBloomington
_bIndiana University Press
_c1978
300 _a"xxiv,349p."
_ccm.
490 _vVol.1
942 _h"X:3M24xM18:g, L8.1/SC"
_cCC
999 _c691220
_d691220